|
|
|
|
| LEADER |
00000nab a2200000 a 4500 |
| 001 |
vtls000612463 |
| 003 |
SK-MaSNL |
| 005 |
20260305014152.0 |
| 008 |
140302c1997 xo 0 slo |
| 015 |
|
|
|a SNBRB19rr/mm-uuuuu
|
| 035 |
|
|
|a CL0612602
|
| 040 |
|
|
|a SNKBUCL
|b slo
|c SNKBUCL
|e AACR2
|
| 041 |
0 |
|
|a slo
|
| 044 |
|
|
|a xo
|c SK
|
| 080 |
|
|
|a 617.5-089.844
|2 1981
|
| 100 |
1 |
|
|a Fedeleš, Jozef,
|d 1947-
|4 aut
|9 196804
|
| 245 |
1 |
0 |
|a Použitie silikónov v estetickej chirurgii
|c Jozef Fedeleš
|
| 650 |
0 |
7 |
|a estetická chirurgia
|2 snkbucl
|9 2465
|
| 650 |
0 |
7 |
|a silikóny
|2 snkbucl
|9 26591
|
| 655 |
|
7 |
|a články z novín a časopisov
|2 snkbucl
|9 267496
|
| 773 |
0 |
|
|t Zdravotnícke noviny
|g Roč. 2, č. 6 (1997)
|
| 773 |
0 |
|
|t [Príl.] Lekárske listy
|g Č. 6 (1997), s. 15-16
|
| 850 |
|
|
|a Slovenská národná knižnica v Martine
|a MTA001
|
| 852 |
|
|
|a SNK
|b KIS3GCP
|
| 958 |
|
|
|a ME
|
| 958 |
|
|
|a RK
|
| 992 |
|
|
|a RBX
|
| 999 |
|
|
|c 3268024
|d 3269954
|